[Event "Koge Bugt B"]
[Site "Solrod"]
[Date "1999.09.14"]
[Round "4"]
[White "Rasmussen, Bjorn"]
[Black "Hansen, Freddie"]
[Result "1-0"]
[WhiteElo "1672"]
[BlackElo "1754"]
[PlyCount "77"]
[EventDate "1999.08.24"]
[EventType "tourn"]
[EventRounds "7"]
[EventCountry "DEN"]
[SourceTitle "EXT 2023"]
[Source "ChessBase"]
[SourceDate "2022.10.05"]
[SourceVersion "1"]
[SourceVersionDate "2022.10.05"]
[SourceQuality "1"]

1. e4 e5 2. Nf3 Nc6 3. d4 exd4 4. Bc4 Nf6 5. 0-0 Nxe4 6. Re1 d5 7. Bxd5 Qxd5 8. Nc3 Qa5 9. Nxe4 Be6 10. Neg5 0-0-0 11. Nxe6 fxe6 12. Rxe6 h6 13. Qe2 Bd6 14. Bd2 Qb6 15. b3 g5 16. a4 a5 17. Qb5 Bc5 18. Ne5 Qxb5 19. axb5 Nxe5 20. Rxe5 Bd6 21. Re6 b6 22. Rae1 Kd7 23. g3 Bc5 24. Kg2 Rdf8 25. f4 g4 26. h3 h5 27. hxg4 hxg4 28. Rg6 Rhg8 29. Ree6 Rxg6 30. Rxg6 Rf5 31. Rxg4 Be7 32. Kf3 Rxb5 33. Ke4 Bb4 34. Bxb4 Rxb4 35. Rg7+ Kd8 36. f5 a4 37. bxa4 Rxa4 38. f6 Ke8 39. Rxc7 1-0